Statystyki dla Kraje, w których odbyły się wyścigi Formuły 1

Kliknij tutaj aby rozwiązać quiz!

Ogólne statystyki

  • Ten quiz został rozwiązany 1 095 razy
  • Średni wynik to 27 z 32

Statystyki odpowiedzi

Liczba GPPaństwo% Poprawnych
70Stany Zjednoczone
98%
79Niemcy
97%
73Wielka Brytania
97%
46Brazylia
96%
59Francja
96%
56Hiszpania
96%
97Włochy
96%
16Chiny
94%
50Kanada
94%
6Rosja
94%
36Japonia
93%
19Meksyk
92%
35Australia
91%
31Austria
90%
63Belgia
89%
65Monako
89%
31Holandia
88%
16Portugalia
87%
34Węgry
86%
20Argentyna
83%
11Zjednoczone Emiraty Arabskie
83%
15Bahrajn
77%
7Turcja
75%
3Indie
74%
23Republika Południowej Afryki
74%
6Szwecja
73%
12Singapur
71%
4Korea Południowa
70%
4Azerbejdżan
67%
5Szwajcaria
67%
18Malezja
62%
1Maroko
52%

Rozkład punktacji

Percentyl według liczby udzielonych odpowiedzi

Procent ludzi z każdym wynikiem

Twoja historia wyników

Nie rozwiązałeś tego quizu